• 首页
  • 本馆介绍
  • 公告通知
  • 最新文献
  • 馆藏检索
  • 电子资源
  • 读者导购
  • 参考咨询
  • 我的图书馆
  • 登录
  • 详细信息显示
  • 放入我的书架
  • 预约/预借图书
  • 作者相关作品
  • 分类相关作品
  • 丛书相关作品
  • 出版社相关作品

书目信息

  • 表格格式
  • 工作单格式
  • 卡片格式
题名:
现代的历程
    
 
作者: 杜君立 著
分册:  
出版信息: 上海   上海三联书店  2016.07
页数: 822页
开本: 24cm
丛书名:
单 册:
中图分类: K387
科图分类:
主题词: 亚洲--历史
电子资源:
ISBN: 978-7-5426-5638-4
000 00542nam0 2200181 450
001 202410282061767876
005 20241105090900.01
010    @a978-7-5426-5638-4@d¥72.00
100    @a20241028d km y0chiy0120 ea
101 0  @achi
200 1  @a现代的历程@AXian Dai De Li Cheng@f杜君立著@FDu Jun Li Zhu
210    @a上海@c上海三联书店@d2016.07
215    @a822页@d24cm
606 0  @a亚洲@x历史
690    @aK387@v4
701  0 @a杜君立@ADu Jun Li@4著
801  0 @aCN@b大连网信软件有限公司图书馆·11@c20241105
905    @aZUCC@b7512895@dK387@e22@f1
    
    现代的历程/杜君立著.-上海:上海三联书店,2016.07
    822页;24cm
    
    
    ISBN 978-7-5426-5638-4:¥72.00
    
●
相关链接 在E读中查询图书 在五车中查询图书 在当当中查询图书 在豆瓣中查询图书


正题名:现代的历程     索取号:K387/22         预约/预借

序号 登录号 条形码 馆藏地/架位号 状态 备注
1 7512895   275128951   密集书库-史法系/ [索取号:K387/22] 在馆    
唐山师范学院图书馆 欢迎您!
大连网信软件有限公司© 版权所有